|
|
|
|
| LEADER |
00000nam0a2200000 4500 |
| 001 |
338812 |
| 005 |
20231102005102.0 |
| 035 |
|
|
|a (RuTPU)RU\TPU\book\365316
|
| 090 |
|
|
|a 338812
|
| 100 |
|
|
|a 20171204d1963 m y0rusy50 ca
|
| 101 |
0 |
|
|a rus
|
| 102 |
|
|
|a BY
|
| 105 |
|
|
|a a z 001zy
|
| 200 |
1 |
|
|a Электрооборудование металлорежущих станков
|f М. Ф. Сацукевич, Г. П. Шейна
|
| 210 |
|
|
|a Минск
|c Беларусь
|d 1963
|
| 215 |
|
|
|a 167 с.
|c ил.
|
| 225 |
1 |
|
|a Библиотечка электромонтера
|v Вып. 8
|
| 320 |
|
|
|a Библиогр.: с. 166
|
| 606 |
1 |
|
|a Металлорежущие станки
|x Электрооборудование
|x Схемы
|x Надежность
|x Колебания
|x Агрегатирование
|2 stltpush
|3 (RuTPU)RU\TPU\subj\42660
|9 62319
|
| 610 |
1 |
|
|a классификация
|
| 610 |
1 |
|
|a электродвигатели
|
| 610 |
1 |
|
|a конструкции
|
| 610 |
1 |
|
|a мощность
|
| 610 |
1 |
|
|a электрические схемы
|
| 610 |
1 |
|
|a станочные электроприводы
|
| 610 |
1 |
|
|a электромашинные усилители
|
| 610 |
1 |
|
|a магнитные усилители
|
| 610 |
1 |
|
|a станочное электрическое оборудование
|
| 610 |
1 |
|
|a эксплуатация
|
| 675 |
|
|
|a 621.9.06-83
|v 4
|
| 700 |
|
1 |
|a Сацукевич
|b М. Ф.
|g Михаил Федорович
|
| 701 |
|
1 |
|a Шейна
|b Г. П.
|g Геннадий Петрович
|
| 801 |
|
1 |
|a RU
|b 63413507
|c 20171204
|
| 801 |
|
2 |
|a RU
|b 63413507
|c 20201105
|g RCR
|
| 942 |
|
|
|c BK
|